| 000 | 04136nam0a2200481 4500 | ||
|---|---|---|---|
| 001 | RU\NLR\bibl\1351433 | ||
| 005 | 20260406121917.0 | ||
| 010 |
_a978-5-699-27504-5 _bЭксмо |
||
| 010 |
_a5-7921-0755-2 _96000 _bTF |
||
| 021 |
_aRU _b2009-7201 _9413 |
||
| 035 | _a(nilc)RSL-KNO-004245065 | ||
| 035 | _a(NLR Aleph) 001336517 | ||
| 090 |
_a833636 _c833636 |
||
| 100 | _a20090225d2008 |||y0rusy50 ca | ||
| 101 | 0 | _arus | |
| 102 | _aRU | ||
| 105 | _aa zzzz||||| | ||
| 200 | 1 |
_aУлитка на склоне _aВторое нашествие марсиан _aХромая судьба _aГрад обреченный _aЗа миллиард лет до конца света _aОтягощенные злом, или Сорок лет спустя _fАркадий и Борис Стругацкие |
|
| 210 |
_aМосква _cЭксмо _aСанкт-Петербург _cTerra Fantastica _d2008 |
||
| 215 |
_a1261, [1] с. _cил. _d24 |
||
| 300 | _aНа обл.: За миллиард лет до конца света: сборник составлен лично Борисом Стругацким | ||
| 423 | 0 |
_12001#$aДьявол среди людей$fС. Ярославцев _1700#1$3RU\NLR\AUTH\77619$aСтругацкий$bА. Н.$f1925-1991$gАркадий Натанович$4070 _1210##$aМосква$aСанкт-Петербург$d2008 _1215##$aС. 977-1056$cил. _tДьявол среди людей _aСтругацкий, Аркадий Натанович (1925-1991) |
|
| 423 | 0 |
_12001#$aБессильные мира сего$fС. Витицкий _1210##$aМосква$aСанкт-Петербург$d2008 _1215##$aС. 1057-1242$cил. _1700#1$3RU\NLR\AUTH\77621$aСтругацкий$bБ. Н.$f1933-2012$gБорис Натанович$4070 _tБессильные мира сего _aСтругацкий, Борис Натанович (1933-2012) |
|
| 423 | 0 |
_12001#$aСорок лет спустя, или За миллиард лет до конца света$fСергей Переслегин$g[ил. Я. Ашмариной и А. Карапетяна] _1700#1$aПереслегин$bС. Б.$gСергей Борисович$4070 _1210##$aМосква$aСанкт-Петербург$d2008 _1215##$aС. 1243-1261 _tСорок лет спустя, или За миллиард лет до конца света _aПереслегин, Сергей Борисович |
|
| 512 | 1 |
_6z11790 _aЗа миллиард лет до конца света _eсборник составлен лично Борисом Стругацким |
|
| 517 | 0 | _aСорок лет спустя | |
| 610 | 0 | _aФилологические науки. Художественная литература -- Российская Федерация -- Русская литература -- с сер. 50-х гг. 20 в. -- Произведения художественной литературы -- Художественная проза -- Романы. Повести. Рассказы -- Фантастические и мистические романы, повести, рассказы. Романы ужасов | |
| 686 |
_aШ5(2=Р)75-644.5 _2rubbk |
||
| 686 | _aШ6(2=Р)75-445 | ||
| 700 | 1 |
_4070 _8rus _7ca _aСтругацкий _bА. Н. _f1925-1991 _gАркадий Натанович _3RU\NLR\AUTH\77619 _9110663 |
|
| 701 | 1 |
_4070 _8rus _7ca _aСтругацкий _bБ. Н. _f1933-2012 _gБорис Натанович _3RU\NLR\AUTH\77621 _9110665 |
|
| 702 | 1 |
_4440 _8rus _7ca _aАшмарина _bЯ. С. _cхудожник _f1963-2015 _gЯна Станиславовна _3RU\NLR\AUTH\77106409 _989334 |
|
| 702 | 1 |
_aКарапетян _bА. _gАндрей _4440 |
|
| 790 | 1 |
_4070 _8rus _7ca _aСтругацкий _bА. Н. _f1925-1991 _gАркадий Натанович _3RU\NLR\AUTH\77619 _9110663 |
|
| 790 | 1 |
_4070 _8rus _7ca _aСтругацкий _bБ. Н. _f1933-2012 _gБорис Натанович _3RU\NLR\AUTH\77621 _9110665 |
|
| 801 | 0 |
_aRU _bРКП _c20090225 |
|
| 801 | 1 |
_aRU _bРГБ _c20090225 |
|
| 801 | 2 |
_aRU _bNLR _c20090403 _grcr |
|
| 942 | _cBOOK | ||
| 980 | _aNB | ||